书目信息 |
| 题名: |
领导干部一定要讲学习
|
|
| 作者: | 刘海藩 主编 | |
| 分册: | ||
| 出版信息: | 北京 中共中央党校出版社 1999.03 |
|
| 页数: | 194页 | |
| 开本: | 32开 | |
| 丛书名: | ||
| 单 册: | ||
| 中图分类: | D261.3 | |
| 科图分类: | ||
| 主题词: | 中国共产党 | |
| 电子资源: | ||
| ISBN: | 7-5035-1950-9 | |
| 000 | 00577nam0 2200193 45 | |
| 001 | 0010051052 | |
| 005 | 20001005100316.2 | |
| 010 | @a7-5035-1950-9@d11.00元 | |
| 100 | @a20001005d1999 km y0chiy0120 ea | |
| 101 | 0 | @achi |
| 105 | @a z 000yy | |
| 200 | 1 | @a领导干部一定要讲学习@ALing Dao Gan Bu Yi Ding Yao Jiang Xue Xi@f刘海藩主编@FLiu Hai Fan Zhu Bian |
| 210 | @a北京@c中共中央党校出版社@d1999.03 | |
| 215 | @a194页@d32开 | |
| 606 | 0 | @a中国共产党 |
| 690 | @aD261.3@v3 | |
| 701 | 0 | @a刘海藩@4主编 |
| 801 | @aCN@bPftUser@c20001005 | |
| 905 | @b166198-201@dD261.3@eL658/1@f4 | |
| 领导干部一定要讲学习/刘海藩主编.-北京:中共中央党校出版社,1999.03 |
| 194页;32开 |
| ISBN 7-5035-1950-9:11.00元 |
| ● |
| 相关链接 |
|
|
|
正题名:领导干部一定要讲学习
索取号:D261.3/L658/1
 
预约/预借
| 序号 | 登录号 | 条形码 | 馆藏地/架位号 | 状态 | 备注 |
| 1 | 166198 | 201661987 | 社科库509/509社科库 69排5列1层/ [索取号:D261.3/L658/1] | 在馆 | |
| 2 | 166199 | 201661996 | 社科库509/509社科库 69排5列1层/ [索取号:D261.3/L658/1] | 在馆 | |
| 3 | 166200 | 201662003 | 社科库509/509社科库 69排5列1层/ [索取号:D261.3/L658/1] | 在馆 | |
| 4 | 166201 | 201662012 | 社科库509/509社科库 69排5列1层/ [索取号:D261.3/L658/1] | 在馆 |